Sports Quiz

Random Sports or Country Quiz

International Soccer Cup Winners Quiz Stats

 Plays Quiz Updated Aug 6, 2018

Challenge
Share
Tweet
Embed
Score 0/120 Timer 08:00
66 Plays Today
Tournament Country % Correct
World CupBrazil
98.7%
World CupBrazil
98.7%
World CupBrazil
98.7%
World CupBrazil
98.7%
World CupBrazil
98.7%
Copa AméricaBrazil
98.7%
Copa AméricaBrazil
98.7%
Copa AméricaBrazil
98.7%
Copa AméricaBrazil
98.7%
Copa AméricaBrazil
98.7%
World CupWest Germany
98.1%
World CupWest Germany
98.1%
World CupWest Germany
98.1%
Euro ChampionshipWest Germany
98.1%
Euro ChampionshipWest Germany
98.1%
World CupGermany
98%
Euro ChampionshipSpain
97.9%
Euro ChampionshipSpain
97.9%
Euro ChampionshipSpain
97.9%
World CupSpain
97.8%
Euro ChampionshipGermany
97.6%
World CupFrance
96.9%
World CupArgentina
96.9%
World CupArgentina
96.9%
Copa AméricaArgentina
96.9%
Copa AméricaArgentina
96.9%
World CupFrance
96.6%
Euro ChampionshipFrance
96.6%
Euro ChampionshipFrance
96.6%
World CupItaly
96.5%
World CupItaly
96.5%
World CupItaly
96.5%
World CupItaly
96.5%
Euro ChampionshipItaly
96.5%
Asian CupJapan
94.3%
Asian CupJapan
94.3%
Asian CupJapan
94.3%
Asian CupJapan
94.1%
World CupEngland
94%
Euro ChampionshipPortugal
93.4%
Tournament Country % Correct
World CupUruguay
92.5%
World CupUruguay
92.5%
Copa AméricaUruguay
92.5%
Copa AméricaUruguay
92.5%
Copa AméricaUruguay
92.5%
Copa AméricaUruguay
92.5%
Oceania Nations CupAustralia
92.2%
Oceania Nations CupAustralia
92.2%
Oceania Nations CupAustralia
92.2%
Oceania Nations CupAustralia
92.2%
CONCACAF Gold CupMexico
90.8%
CONCACAF Gold CupMexico
90.8%
CONCACAF Gold CupMexico
90.8%
CONCACAF Gold CupMexico
90.8%
CONCACAF Gold CupMexico
90.8%
CONCACAF Gold CupMexico
90.8%
Copa AméricaChile
90.7%
Copa AméricaChile
90.5%
Asian CupAustralia
90.3%
CONCACAF Gold CupUnited States
90.2%
CONCACAF Gold CupUnited States
90.2%
CONCACAF Gold CupUnited States
90.2%
CONCACAF Gold CupUnited States
90.2%
CONCACAF Gold CupUnited States
89.6%
CONCACAF Gold CupMexico
88.4%
Oceania Nations CupNew Zealand
86.9%
Oceania Nations CupNew Zealand
86.9%
Oceania Nations CupNew Zealand
86.9%
Oceania Nations CupNew Zealand
86.9%
CONCACAF Gold CupUnited States
86.9%
Asian CupKorea Republic
85.3%
Asian CupKorea Republic
85.3%
Euro ChampionshipGreece
84.9%
African Cup of NationsEgypt
84.4%
African Cup of NationsEgypt
84.4%
African Cup of NationsEgypt
84.4%
African Cup of NationsEgypt
84.4%
African Cup of NationsEgypt
84.4%
Euro ChampionshipSoviet Union
84.1%
Oceania Nations CupNew Zealand
82.4%
Tournament Country % Correct
Euro ChampionshipHolland
81.7%
African Cup of NationsSouth Africa
80.9%
African Cup of NationsNigeria
79.9%
African Cup of NationsNigeria
79.9%
African Cup of NationsNigeria
77.8%
African Cup of NationsCôte d'Ivoire
77.2%
African Cup of NationsCôte d'Ivoire
76.1%
Copa AméricaColombia
75.3%
Copa AméricaParaguay
75.2%
Copa AméricaPeru
73.1%
African Cup of NationsCameroon
72.8%
African Cup of NationsCameroon
72.8%
African Cup of NationsCameroon
72.8%
African Cup of NationsCameroon
72.8%
African Cup of NationsCameroon
72.4%
African Cup of NationsGhana
72.4%
African Cup of NationsGhana
72.4%
African Cup of NationsGhana
72.4%
African Cup of NationsGhana
72.4%
Euro ChampionshipDenmark
72.4%
CONCACAF Gold CupCanada
70.1%
Asian CupIran
68.6%
Asian CupIran
68.6%
Asian CupIran
68.6%
Asian CupIraq
64.5%
African Cup of NationsAlgeria
60.6%
African Cup of NationsMorocco
59.7%
Asian CupSaudi Arabia
58.5%
Asian CupSaudi Arabia
58.5%
Asian CupSaudi Arabia
58.5%
Euro ChampionshipCzechoslovakia
56.5%
African Cup of NationsZaire
54.6%
African Cup of NationsTunisia
51.2%
African Cup of NationsDemocratic Republic of the Congo
48.6%
African Cup of NationsRepublic of the Congo
42.2%
African Cup of NationsZambia
42%
Asian CupIsrael
36.5%
African Cup of NationsSudan
35.8%
Oceania Nations CupTahiti
31.7%
Asian CupKuwait
27.6%

You're not logged in!

Compare scores with friends on all Sporcle quizzes.
Join for Free
OR
Log In

You Might Also Like...

Show Comments

Extras

Top Quizzes Today


Score Distribution

Your Account Isn't Verified!

In order to create a playlist on Sporcle, you need to verify the email address you used during registration. Go to your Sporcle Settings to finish the process.

Report this User

Report this user for behavior that violates our Community Guidelines.

Details: